000 00240nam a2200097Ia 4500
008 220120s9999||||xx |||||||||||||| ||und||
100 _aBadi, R.V
_911574
245 0 _aIndian constitution
300 _b0
650 _aSOFTWARE ENGINEERING
_91072
999 _c136721
_d136721